Minecraft Mobs - Statistics

General Stats
  • This quiz has been taken 47 times
    21 since last reset
  • The average score is 63 of 87
Answer Stats
Mob % Correct
Pig
100%
Allay
94%
Chicken
94%
Cow
94%
Creeper
94%
Sheep
94%
Skeleton
94%
Villager
94%
Zombie
94%
Axolotl
88%
Bat
88%
Camel
88%
Enderman
88%
Horse
88%
Iron Golem
88%
Ocelot
88%
Panda
88%
Piglin
88%
Pillager
88%
Slime
88%
Vex
88%
Armadillo
81%
Bee
81%
Blaze
81%
Cat
81%
Cod
81%
Ender Dragon
81%
Guardian
81%
Magma Cube
81%
Pufferfish
81%
Salmon
81%
Spider
81%
Stray
81%
Tropical Fish
81%
Wither
81%
Wither Skeleton
81%
Wolf
81%
Zombified Piglin
81%
Cave Spider
75%
Copper Golem
75%
Donkey
75%
Drowned
75%
Elder Guardian
75%
Goat
75%
Hoglin
75%
Husk
75%
Mule
75%
Parrot
75%
Squid
75%
Warden
75%
Witch
75%
Zombie Horse
75%
Breeze
69%
Endermite
69%
Ghast
69%
Glow Squid
69%
Nautilus
69%
Phantom
69%
Ravager
69%
Skeleton Horse
69%
Vindicator
69%
Zoglin
69%
Bogged
63%
Evoker
63%
Frog
63%
Llama
63%
Rabbit
63%
Shulker
63%
Snow Golem
63%
Strider
63%
Dolphin
56%
Piglin Brute
56%
Silverfish
56%
Sniffer
56%
Wandering Trader
56%
Happy Ghast
50%
Polar Bear
50%
Zombie Nautilus
50%
Zombie Villager
50%
Creaking
44%
Fox
44%
Mooshroom
44%
Tadpole
44%
Turtle
44%
Camel Husk
38%
Parched
38%
Trader Llama
38%
No matching quizzes found
Score Distribution
Percent of People with Each Score
Percentile by Number Answered
Your Score History
You have not taken this quiz since the last reset